000
00275nam a2200109Ia 4500
001
587513
005
20250717113817.0
008
250717s9999 xx 000 0 und d
245
0
_a
X-10 SÜRDÜRÜLEBİLİRLİK
_c
ALPER K. ATEŞ
260
_b
BETA YAYINLARI
_c
2020
300
_b
56
999
_c
587513
_d
587513